| 000 | 00506nam a22001577a 4500 | ||
|---|---|---|---|
| 003 | NUST | ||
| 038 | _aNusrat Nadeem | ||
| 082 | _a200 | ||
| 100 |
_aHussain, Irfan _9133129 |
||
| 245 |
_aUnsupervised Dynamic Scene Graphs Generation for Autonomous Vehicles/ _c Irfan Hussain, |
||
| 264 |
_aIslamabad: _bSEECS NUST. _c2026. |
||
| 650 |
_aMS-Electrical Engineering _923567 |
||
| 700 |
_aSupervisor: Dr. Sana Qadir _996818 |
||
| 856 | _uhttp://10.250.8.41:8080/xmlui/handle/123456789/57244 | ||
| 942 |
_2ddc _cSC |
||
| 999 |
_c616134 _d616134 |
||